Statistiques concernant Un Carré De Pays Fusionnés

Cliquez ici pour prendre le quiz!

Statistiques générales

  • Ce quiz a été pris 1 994 fois
  • Le résultat moyen est 34 sur 52

Réponses sur la Carte

Les réponses sont colorées sur une échelle allant du rouge au vert en fonction du pourcentage des utilisateurs qui les ont devinées à leur premier essai. Vous pouvez retrouver ces pourcentages ci-dessous.
Chargement ...
 

Statistiques - réponses

Pays% Correct
Chine
97%
Argentine
94%
Allemagne
93%
Japon
92%
Egypte
92%
Espagne
91%
Turquie
87%
Portugal
87%
Suède
86%
Islande
81%
Maroc
81%
Libye
78%
Kazakhstan
76%
Nouvelle-Zélande
76%
Irlande
76%
Finlande
75%
Namibie
75%
Iran
74%
Suisse
74%
Soudan
73%
Australie
73%
Autriche
73%
Angola
73%
Tchad
72%
Mexique
72%
Madagascar
71%
Pakistan
71%
Brésil
68%
Sri Lanka
67%
Tunisie
66%
Venezuela
64%
Mongolie
63%
Ukraine
61%
Pologne
60%
Yémen
58%
Ethiopie
58%
Bolivie
54%
Afghanistan
51%
Paraguay
50%
Pérou
50%
Oman
49%
Roumanie
48%
Algérie
46%
Colombie
43%
Kenya
42%
Corée du Sud
40%
Uruguay
39%
Papouasie Nouvelle Guinée
37%
Équateur
33%
Biélorussie
31%
Arabie Saoudite
30%
Tanzanie
29%

Distribution des résultats

Percentile par nombre de réponses

% des personnes avec chaque résultat

Votre développement - résultats

Vous n’avez pas pris ce quiz